000 00465nam a2200133Ia 4500
008 221007s9999 xx 000 0 und d
041 _aeng
082 _bKOL
100 _aKolte Isha M - 2k141072; Dr.Sonali Parchure - Guide & [Company Name] - D.T. Kale Tax Consultants
_9103732
245 _aStudy Of Maharashtra Value Added Tax (MVAT) at D.T. Kale Tax Consultants
260 _cSep-15
_bSavitribai Phule Pune University
_aPune
300 _a70p
906 _bGeneral
999 _c75053
_d75053